• 首页
  • 本馆介绍
  • 公告通知
  • 最新文献
  • 馆藏检索
  • 电子资源
  • 读者导购
  • 参考咨询
  • 我的图书馆
  • 登录
  • 详细信息显示
  • 放入我的书架
  • 预约/预借图书
  • 作者相关作品
  • 分类相关作品
  • 丛书相关作品
  • 出版社相关作品

书目信息

  • 表格格式
  • 工作单格式
  • 卡片格式
题名:
民族艺术
    
 
作者: ;《民族艺术》编辑部
分册: 1999年第1期(总第54期)  
出版信息: 南宁   《民族艺术》杂志社  1999.3
页数: 224页
开本: 20cm
丛书名:
单 册:
中图分类: C55
科图分类:
主题词: 社会科学--连续出版物 , 社会科学--期刊
电子资源:
ISBN:
000 00571nam0 2200205 45
001 0004101589
005 20040525151623.3
010    @dCNY6.80
100    @a20000410d1999 km y0chiy0120 ea
101    @achi
105    @a z 000yy
200 1  @a民族艺术@h1999年第1期(总第54期)@AMin Zu Yi Shu@f《民族艺术》编辑部
210    @a南宁@c《民族艺术》杂志社@d1999.3
215    @a224页@d20cm
606 0  @a社会科学@x连续出版物
606 0  @a社会科学@x期刊
690    @aC55@v1
711 02 @a《民族艺术》编辑部
801    @aCN@bTSTC@c20000410
905    @f5@b287443-447@dC55@e101:54
    
    民族艺术.1999年第1期(总第54期)/《民族艺术》编辑部.-南宁:《民族艺术》杂志社,1999.3
    224页;20cm
    
    
    ISBN :CNY6.80
    
●
相关链接 在E读中查询图书 在五车中查询图书 在当当中查询图书 在豆瓣中查询图书


正题名:民族艺术     索取号:C55/101:54         预约/预借

序号 登录号 条形码 馆藏地/架位号 状态 备注
1 0287443   002874438   第一借阅区/ [索取号:C55/101:54] 在馆    
2 0287444   002874447   第一借阅区/ [索取号:C55/101:54] 在馆    
3 0287445   002874456   第一借阅区/ [索取号:C55/101:54] 在馆    
4 0287446   002874465   密集书库/ [索取号:C55/101:54] 在馆    
5 0287447   002874474   第一样本阅览室/ [索取号:C55/101:54] 在馆    
唐山师范学院图书馆 欢迎您!
大连网信软件有限公司© 版权所有